Manual of common bedside surgical procedures by the Halsted residents of the Johns Hopkins Hospital / (Record no. 4022)
[ view plain ]
| 000 -LEADER | |
|---|---|
| fixed length control field | 00806pam a2200229 a 4500 |
| 001 - CONTROL NUMBER | |
| control field | 3504161 |
| 005 - DATE AND TIME OF LATEST TRANSACTION | |
| control field | 20250221113723.0 |
| 008 - FIXED-LENGTH DATA ELEMENTS--GENERAL INFORMATION | |
| fixed length control field | 950515s1996 mdua bf 001 0 eng c |
| 020 ## - INTERNATIONAL STANDARD BOOK NUMBER | |
| International Standard Book Number | 0683015494 |
| 050 10 - LIBRARY OF CONGRESS CALL NUMBER | |
| Classification number | RD111 |
| Item number | .M36 1996 |
| 082 00 - DEWEY DECIMAL CLASSIFICATION NUMBER | |
| Classification number | 617/.024 |
| Edition information | 20 |
| 245 00 - TITLE STATEMENT | |
| Title | Manual of common bedside surgical procedures by the Halsted residents of the Johns Hopkins Hospital / |
| Statement of responsibility, etc. | editors, Herbert Chen, Juan E. Sola, Keith D. Lillemoe. |
| 260 ## - PUBLICATION, DISTRIBUTION, ETC. | |
| Place of publication, distribution, etc. | Baltimore : |
| Name of publisher, distributor, etc. | Williams & Wilkins, |
| Date of publication, distribution, etc. | c1996. |
| 300 ## - PHYSICAL DESCRIPTION | |
| Extent | xx, 314 p. : |
| Other physical details | ill. ; |
| Dimensions | 22 cm. |
| 650 #0 - SUBJECT ADDED ENTRY--TOPICAL TERM | |
| Topical term or geographic name entry element | Surgery, Minor |
| General subdivision | Handbooks, manuals, etc. |
| 650 #0 - SUBJECT ADDED ENTRY--TOPICAL TERM | |
| Topical term or geographic name entry element | Clinical medicine |
| General subdivision | Handbooks, manuals, etc. |
| 650 12 - SUBJECT ADDED ENTRY--TOPICAL TERM | |
| Topical term or geographic name entry element | Surgery, Operative |
| General subdivision | methods. |
| 700 1# - ADDED ENTRY--PERSONAL NAME | |
| Personal name | Chen, Herbert. |
| 700 1# - ADDED ENTRY--PERSONAL NAME | |
| Personal name | Sola, Juan E. |
| 700 1# - ADDED ENTRY--PERSONAL NAME | |
| Personal name | Lillemoe, Keith D. |
| 942 ## - ADDED ENTRY ELEMENTS (KOHA) | |
| Source of classification or shelving scheme | Library of Congress Classification |
| Koha item type | Books |
| Suppress in OPAC | No |
| 999 ## - | |
| -- | 4022 |
| -- | 4022 |
| Withdrawn status | Lost status | Source of classification or shelving scheme | Damaged status | Not for loan | Collection | Home library | Current library | Shelving location | Date acquired | Total checkouts | Full call number | Barcode | Date last seen | Copy number | Price effective from | Koha item type |
|---|---|---|---|---|---|---|---|---|---|---|---|---|---|---|---|---|
| Library of Congress Classification | Non-fiction | Science Library (Miotso) | Science Library (Miotso) | General stacks | 02/21/2025 | RD111 .M36 MAN | SLM00003462 | 02/21/2025 | 1 | 02/21/2025 | Books |